| 000 | 00483nam a22001817a 4500 | ||
|---|---|---|---|
| 003 | NUST | ||
| 005 | 20230301191955.0 | ||
| 008 | 170928b xxu||||| |||| 00| 0 eng d | ||
| 038 | _a00 | ||
| 040 | _cNUST | ||
| 082 | _a330 | ||
| 100 |
_aAli,Asaad Ismail _95102 |
||
| 245 | _aAlternative to kibor for Islamic banking A case study of Pakistan | ||
| 260 |
_aIslamabad _c2015 |
||
| 300 | _a76p | ||
| 856 | _uhttp://10.250.8.41:8080/xmlui/handle/123456789/3449 | ||
| 942 |
_2ddc _cTHE |
||
| 999 |
_c331467 _d331467 |
||